000 00891nam a22002415i 4500
001 158558
003 ES-MaACL
005 20250917063055.0
008 950111s1875 sp |||| | spa d
040 _aCLM
_bspa
_dCCPB
080 _a325.3
100 1 _aMaldonado Macanaz, Joaquín,
_d1833-1901
_975733
245 1 0 _aPrincipios generales del arte de la colonización /
_cpor Joaquín Maldonado Macanaz.
250 _a2ª ed.
260 _aMadrid :
_b[s.n.],
_c1875 (
_fImprenta y Fundición de Manuel Tello)
300 _aXVIII, 286 p. ;
_c22 cm.
500 _aÍndice.
530 _aDisponible también en sitio web.
650 7 _aColonización
_2
_9135791
852 _aES-MaACL
_jE-13102
_z-- Rúst.
856 _uhttp://bibliotecadigitalhispanica.bne.es:80/webclient/DeliveryManager?pid=2678858&custom_att_2=simple_viewer
_zIr a la página
999 _c158558
_d158558